01056cam a22002531 4500001001300000003000400013005001700017008004100034010001700075035001900092040004900111042001200160050003100172100002900203245013900232260008100371300004800452490008100500504004600581505008900627650002700716650004200743999001700785gs 42000085 DLC20260227111347.0771118m19341977gw af b 000 0 ger c ags 42000085  a(OCoLC)3429127 aU. S. Geol. Survey. LibrarycCCCdOCoLCdDLC apremarc00aQE269b.A14 hft. 161, etc.1 aWeyland, Hermann,d1888-00aBeiträge zur Kenntis der rheinischen Tertiärflora ...cvon Hermann Weyland. Hrsg. von der Preussischen Geologischen Landesanstalt. aBerlin,bIm Vertrieb bei der Preussischen Geologischen Landesanstalt,c1934- a v.billus., pl., tables, diagrs.c23 cm.0 aAdded t.-p.: Prussia. Geologische Landesanstalt. Abhandlung,vn.f., Hft. 161 a"Schriftenverzeichnis": v. 1, p. 113-116.0 aI. Floren aus den Kieseloolith- und Braunkohlenschicten der niederrheinischen Bucht. 0aPaleobotanyyTertiary. 0aPaleobotanyzGermanyzRhine Province. c27772d27772